《屈原列传》第三段 - Statistics

General Stats
  • This quiz has been taken 9 times
  • The average score is 31 of 53
Answer Stats
Answer % Correct
未尝不呼天也
100%
疾痛惨怛
100%
未尝不呼父母也
100%
屈平疾王听之不聪也
75%
谗谄之蔽明也
75%
邪曲之害公也
75%
方正之不容也
75%
故忧愁幽思而作《离骚》
75%
“离骚”者
75%
犹离忧也
75%
夫天者
75%
人之始也
75%
父母者
75%
人之本也
75%
人穷则反本
75%
故劳苦倦极
75%
屈平正道直行
75%
竭忠尽智以事其君
75%
谗人间之
50%
信而见疑
50%
忠而被谤
50%
能无怨乎
50%
屈平之作《离骚》
50%
盖自怨生也
50%
《国风》好色而不淫
50%
《小雅》怨诽而不乱
50%
若《离骚》者
50%
可谓兼之矣
50%
上称帝喾
50%
下道齐桓
50%
中述汤、武
50%
以刺世事
50%
明道德之广崇
50%
治乱之条贯
50%
靡不毕见
50%
其文约
50%
其辞微
50%
其志洁
50%
其行廉
50%
其称文小而其指极大
50%
举类迩而见义远
50%
其志洁
50%
故其称物芳
50%
其行廉
50%
故死而不容
50%
自疏濯淖污泥之中
50%
蝉蜕于浊秽
50%
以浮游尘埃之外
50%
皭然泥而不滓者也
50%
推此志也
50%
虽与日月争光可也
50%
可谓穷矣
25%
不获世之滋垢
25%
No matching quizzes found
Score Distribution
Percent of People with Each Score
Percentile by Number Answered
Your Score History
You have not taken this quiz